Marvel Heroes Starting with A (by picture) - Statistics

General Stats
  • This quiz has been taken 112 times
  • The average score is 8 of 16
Answer Stats
Picture Answer % Correct
Ant-Man
100%
Angel
90%
America Chavez
82%
Adam Warlock
74%
Agent Venom
66%
A-Bomb
60%
Amadeus Cho
52%
Ancient One
48%
Armor
43%
Aurora
35%
Atlas
31%
Abigail Brand
26%
American Dream
21%
Araña
21%
Aleta
16%
American Eagle
14%
No matching quizzes found
Score Distribution
Percent of People with Each Score
Percentile by Number Answered
Your Score History
You have not taken this quiz